| 000 | 00617nac a22001931u 4500 | ||
|---|---|---|---|
| 020 | _a0713134453 | ||
| 082 | 0 | 0 |
_a620.1 _bMCD |
| 090 |
_c9524 _d9524 |
||
| 100 | _aMcDonagh, Ian | ||
| 245 | 1 | 0 |
_aMechanical science for technicians 2 / _cIan McDonagh |
| 260 |
_aLondon ; _aBoston : _bButterworth,1984 _c1984 |
||
| 300 |
_a225 p. : _bill. ; _c22 cm. |
||
| 440 | 0 | _aNewnes-Butterworths technician series | |
| 500 | _adistributer: Al-Ahram | ||
| 511 | _acatalogued by: wessam | ||
| 650 | 0 | _aMechanics, Applied. | |
| 650 | 0 | _aIndustrial technicians. | |
| 942 |
_cBB _k620.1MCD |
||
| 999 |
_c9524 _d9524 |
||